| Tag |
First Indicator |
Second Indicator |
Subfields |
| LEADER |
00000cam a2200000 4500 |
| 001 |
in00000035744 |
| 005 |
20151007062121.0 |
| 008 |
720717s1953 enka b 00000 eng u |
| 035 |
|
|
|a (OCoLC)00358227
|
| 035 |
|
|
|9 AAD3998AM
|
| 040 |
|
|
|c AKR
|d TXA
|d UtOrBLW
|
| 049 |
|
|
|a TXAM
|c [262993]
|
| 090 |
|
|
|a NE2450
|b .B3 1953
|
| 092 |
|
|
|a 763.084
|b B347o
|
| 100 |
1 |
|
|a Bauman, Hans F. S.
|
| 245 |
1 |
0 |
|a 150 years of artists' lithographs :
|b 1803-1953 /
|c [by] Felix H. Man [pseudonym].
|
| 264 |
|
1 |
|a London :
|b Heinemann,
|c [1953]
|
| 300 |
|
|
|a lxii pages :
|b 123 illustrations (part color) ;
|c 30 cm.
|
| 336 |
|
|
|a text
|b txt
|2 rdacontent
|
| 337 |
|
|
|a unmediated
|b n
|2 rdamedia
|
| 338 |
|
|
|a volume
|b nc
|2 rdacarrier
|
| 504 |
|
|
|a Bibliography: pages liv-lvii.
|
| 650 |
|
0 |
|a Lithography.
|
| 999 |
|
|
|a MARS
|
| 999 |
f |
f |
|s eeb7530d-1705-3f6a-b3a8-36644680b73c
|i 16625d88-db50-39c9-a205-337754ac1751
|t 0
|
| 952 |
f |
f |
|p normal
|a Texas A&M University
|b College Station
|c Sterling C. Evans Library
|d Evans: Library Stacks
|t 0
|e NE2450 .B3 1953
|h Library of Congress classification
|i unmediated -- volume
|m A14801159647
|
| 998 |
f |
f |
|a NE2450 .B3 1953
|t 0
|l Evans: Library Stacks
|